El comercio internacional de medicamentos

Bibliographic Details
Main Author: Otero Garca̕-Castrilln̤, Carmen
Format: Unknown
Language:Spanish
Published: Madrid : Dykinson, 2006
Subjects:
Online Access:Acceso restringido

MARC

LEADER 00000ny a22000003n 4500
005 20110520110316.0
008 060705s2006 sp s 000 0 spa c
020 |a 8497728475 
035 |a 1376 
040 |a SpMaUCCE  |d UMA.RE  |d vLex 
080 |a 347.771(100):615(0.034) 
080 |a 615.2:351.77(4-672 UE)(0.034) 
090 |c 80  |d 80 
100 1 |a Otero Garca̕-Castrilln̤, Carmen 
245 1 3 |a El comercio internacional de medicamentos  |h [Recurso electrn̤ico]  |c Carmen Otero Garca̕-Castrilln̤ 
256 |a Servicio en ln̕ea 
260 |a Madrid :  |b Dykinson,  |c 2006 
300 |a 296 p. ;  |c 21 cm 
504 |a Bibliografa̕: p. 255-264 
506 1 |a Contenido solo disponible en los productos indicados  |d vLex Global  |d vLex Global (Academic Edition, excluding Law Schools)  |d vLex Global (U.S. Academic Edition, Law Schools)  |d vLex Global (U.S. Academic Edition, excluding Law Schools)  |d vLex Global (Academic Edition, Law Schools) 
650 0 7 |a Derecho internacional  |2 Tesauro vLex 
650 0 7 |a Civil  |2 Tesauro vLex 
740 0 |a vLex Libros (Servicios en ln̕ea) 
856 4 0 |u http://vlex.com/source/1376  |z Acceso restringido 
942 |c BOOK 
999 0 |a International Law  |b Spain